[Event "SVK-ch U18/20"]
[Site "Tatralandia"]
[Date "2025.05.18"]
[Round "9"]
[White "Rakovsky, Jakub"]
[Black "Duda, Daniel2"]
[Result "1-0"]
[WhiteElo "2109"]
[BlackElo "1813"]
[PlyCount "32"]
[EventDate "2025.05.11"]
[EventType "swiss"]
[EventRounds "9"]
[EventCountry "SVK"]
[SourceTitle "CB21_2025"]
[SourceDate "2025.05.21"]
[SourceVersion "1"]
[SourceVersionDate "2025.05.21"]
[SourceQuality "1"]

1. e4 c5 2. Nc3 g6 3. d4 cxd4 4. Qxd4 Nf6 5. e5 Nc6 6. Qf4 Ng8 7. Bc4 Nh6 8. Nf3 Bg7 9. h4 Qa5 10. Bd2 0-0 11. h5 Kh8 12. 0-0-0 Nf5 13. hxg6 fxg6 14. Rxh7+ Kxh7 15. Ng5+ Kh8 16. Rh1+ Nh6 1-0

[Event "SVK-ch U18/20"]
[Site "Tatralandia"]
[Date "2025.05.15"]
[Round "6"]
[White "Salgovic, Simon"]
[Black "Rakovsky, Jakub"]
[Result "1/2-1/2"]
[WhiteElo "2132"]
[BlackElo "2109"]
[PlyCount "76"]
[EventDate "2025.05.11"]
[EventType "swiss"]
[EventRounds "9"]
[EventCountry "SVK"]
[SourceTitle "CB21_2025"]
[SourceDate "2025.05.21"]
[SourceVersion "1"]
[SourceVersionDate "2025.05.21"]
[SourceQuality "1"]

1. e4 e6 2. d4 d5 3. Nd2 c5 4. exd5 Qxd5 5. Ngf3 cxd4 6. Bc4 Qd6 7. 0-0 Nf6 8. Nb3 Nc6 9. Nbxd4 Nxd4 10. Nxd4 Be7 11. c3 0-0 12. Qe2 Qc7 13. Bb3 b6 14. Re1 Kh8 15. Qf3 Bb7 16. Bf4 Bxf3 17. Bxc7 Bd5 18. Be5 Rac8 19. Bxf6 Bxf6 20. Bxd5 Bxd4 21. Bxe6 Bxf2+ 22. Kxf2 fxe6+ 23. Kg1 Rcd8 24. Rad1 Kg8 25. Rxd8 Rxd8 26. Rxe6 Rd2 27. Re7 a6 28. Ra7 a5 29. b3 Rxa2 30. Ra6 Rb2 31. Rxb6 a4 32. Ra6 Rxb3 33. Rxa4 Rxc3 34. Ra8+ Kf7 35. Ra7+ Kf6 36. Ra6+ Kf7 37. Ra7+ Kf6 38. Ra6+ Kf7 1/2-1/2

[Event "SVK-ch U18/20"]
[Site "Tatralandia"]
[Date "2025.05.14"]
[Round "5"]
[White "Rakovsky, Jakub"]
[Black "Loffay, Pavol"]
[Result "1/2-1/2"]
[WhiteElo "2109"]
[BlackElo "2000"]
[PlyCount "116"]
[EventDate "2025.05.11"]
[EventType "swiss"]
[EventRounds "9"]
[EventCountry "SVK"]
[SourceTitle "CB21_2025"]
[SourceDate "2025.05.21"]
[SourceVersion "1"]
[SourceVersionDate "2025.05.21"]
[SourceQuality "1"]

1. d4 d5 2. c4 e6 3. Nc3 Nf6 4. g3 b6 5. cxd5 exd5 6. Bg2 Bb7 7. Nf3 Be7 8. 0-0 0-0 9. Ne5 c5 10. Bf4 Nc6 11. Nxc6 Bxc6 12. Be5 cxd4 13. Qxd4 Bc5 14. Qf4 Ne4 15. Nxe4 dxe4 16. Rfd1 Qc8 17. Rac1 e3 18. f3 Rd8 19. Qg5 Rxd1+ 20. Rxd1 Qf8 21. Qg4 Bb5 22. f4 Re8 23. Bd5 Kh8 24. Be4 f6 25. Qh5 Qg8 26. Bd5 Qf8 27. Bc3 Rd8 28. Re1 a5 29. Be4 Qg8 30. g4 Re8 31. Bg6 Rd8 32. g5 fxg5 33. fxg5 Be8 34. Bxe8 Qxe8 35. Qh6 Bd4 36. Bxd4 Rxd4 37. Qh3 g6 38. Rc1 Rd7 39. Qg3 Qe7 40. Qh4 Kg7 41. Qf4 Qe6 42. h4 Qf5 43. Qc4 b5 44. Qc3+ Kg8 45. Qc8+ Kg7 46. Qc3+ Kg8 47. Qb3+ Kg7 48. Qxe3 Qg4+ 49. Kf1 Rf7+ 50. Ke1 Qxh4+ 51. Kd2 Rd7+ 52. Kc2 Rc7+ 53. Kb1 Rxc1+ 54. Kxc1 Qh1+ 55. Kc2 Qc6+ 56. Kb1 Qh1+ 57. Kc2 Qc6+ 58. Kb1 Qh1+ 1/2-1/2

[Event "SVK-ch U18/20"]
[Site "Tatralandia"]
[Date "2025.05.13"]
[Round "4"]
[White "Lakota, Jan"]
[Black "Rakovsky, Jakub"]
[Result "0-1"]
[WhiteElo "1949"]
[BlackElo "2109"]
[PlyCount "99"]
[EventDate "2025.05.11"]
[EventType "swiss"]
[EventRounds "9"]
[EventCountry "SVK"]
[SourceTitle "CB21_2025"]
[SourceDate "2025.05.21"]
[SourceVersion "1"]
[SourceVersionDate "2025.05.21"]
[SourceQuality "1"]

1. d4 Nf6 2. c4 e6 3. Nc3 Bb4 4. e3 0-0 5. Nge2 b6 6. a3 Be7 7. Nf4 d5 8. cxd5 exd5 9. Bd3 Re8 10. 0-0 Bb7 11. b4 Nbd7 12. Qf3 Nf8 13. Bb2 Ng6 14. Nxg6 hxg6 15. b5 Bd6 16. a4 Ne4 17. Bxe4 dxe4 18. Qe2 Qh4 19. h3 Bc8 20. Ba3 Bb7 21. a5 Rab8 22. Bxd6 cxd6 23. axb6 axb6 24. Rfc1 g5 25. Qg4 Qxg4 26. hxg4 Bc8 27. Nd5 Bxg4 28. Rc7 Be6 29. Nc3 d5 30. f3 exf3 31. gxf3 Kf8 32. Raa7 Rec8 33. e4 Rxc7 34. Rxc7 dxe4 35. fxe4 Rc8 36. Rxc8+ Bxc8 37. Nd5 Bb7 38. Nc3 Ke7 39. Kf2 Kd6 40. Kg3 f6 41. Kg4 Bc8+ 42. Kg3 Bd7 43. Na4 Bxb5 44. Nxb6 Bd3 45. e5+ Kc6 46. Na4 Kd5 47. e6 Bf5 48. e7 Bd7 49. Nb6+ Ke6 50. Nc8 0-1

[Event "SVK-ch U18/20"]
[Site "Tatralandia"]
[Date "2025.05.13"]
[Round "3"]
[White "Rakovsky, Jakub"]
[Black "Volanek, Maros"]
[Result "1-0"]
[WhiteElo "2109"]
[BlackElo "1781"]
[PlyCount "149"]
[EventDate "2025.05.11"]
[EventType "swiss"]
[EventRounds "9"]
[EventCountry "SVK"]
[SourceTitle "CB21_2025"]
[SourceDate "2025.05.21"]
[SourceVersion "1"]
[SourceVersionDate "2025.05.21"]
[SourceQuality "1"]

1. e4 e6 2. d4 d5 3. Nc3 Nf6 4. e5 Nfd7 5. f4 c5 6. Nf3 Nc6 7. Be3 Be7 8. Qd2 a6 9. Ne2 cxd4 10. Nexd4 Nc5 11. c3 0-0 12. Bd3 Nxd3+ 13. Qxd3 f6 14. 0-0 Qc7 15. b4 Nxe5 16. fxe5 fxe5 17. Nxe5 Qxe5 18. Rxf8+ Bxf8 19. Re1 Qd6 20. Nf3 Bd7 21. Ng5 g6 22. Bd4 Qe7 23. h4 Bg7 24. Bc5 Qe8 25. c4 Rd8 26. cxd5 Bb5 27. Qf3 Rxd5 28. Rxe6 Qd8 29. Qf7+ Kh8 30. Re1 Bc6 31. Qe6 Rxg5 32. hxg5 Bc3 33. Rf1 Bd4+ 34. Kh2 Bg7 35. Bd6 Bd7 36. Qe7 Qxe7 37. Bxe7 Bf5 38. Re1 Kg8 39. Bf6 Bf8 40. a3 Kf7 41. Bd4 Be7 42. Be3 Bd6+ 43. g3 Be5 44. Bc5 Bb2 45. Re7+ Kg8 46. Rxb7 Bxa3 47. Bd4 Kf8 48. Kg1 Bc1 49. Rxh7 Bxg5 50. Ra7 Bd3 51. Kf2 Ke8 52. Be3 Be7 53. Rb7 Bb5 54. Bd2 Bd6 55. Rg7 Bd3 56. Ke3 Bc2 57. g4 Be7 58. Rh7 Kd7 59. Kd4 Ke6 60. Rh1 Ba4 61. Re1+ Kd6 62. g5 Bb5 63. Re4 Bf8 64. Bf4+ Kd7 65. Kc3 Be7 66. Re1 Bd8 67. Rd1+ Ke7 68. Rd6 a5 69. Rxg6 Kf7 70. Rd6 Be7 71. bxa5 Bxd6 72. Bxd6 Ke6 73. Kb4 Bd3 74. Kc5 Kd7 75. Bf4 1-0

[Event "Pula op 36th"]
[Site "Pula"]
[Date "2024.06.24"]
[Round "9"]
[White "Rakovsky, Jakub"]
[Black "Malesevic, Nedeljko"]
[Result "1/2-1/2"]
[WhiteElo "2037"]
[BlackElo "2260"]
[PlyCount "106"]
[EventDate "2024.06.16"]
[EventType "swiss"]
[EventRounds "9"]
[EventCountry "CRO"]
[SourceTitle "CBM 220 Extra"]
[Source "ChessBase"]
[SourceDate "2024.07.31"]
[SourceVersion "1"]
[SourceVersionDate "2024.07.31"]
[SourceQuality "1"]

1. e4 c6 2. d4 d5 3. e5 c5 4. dxc5 e6 5. c3 Bxc5 6. Qg4 Ne7 7. b4 Bb6 8. Qxg7 Rg8 9. Qxh7 Nbc6 10. Nf3 Qc7 11. Bf4 Bd7 12. a4 a6 13. a5 Ba7 14. h4 0-0-0 15. h5 Nf5 16. h6 f6 17. Qf7 Rgf8 18. Qh5 Nxe5 19. Bxe5 fxe5 20. h7 e4 21. h8Q Rxh8 22. Qxh8 exf3 23. Qh2 e5 24. gxf3 Nd4 25. Kd1 Nxf3 26. Qg3 Rf8 27. Be2 e4 28. Qg7 Qf4 29. Rh7 Ne5 30. Rh8 Rxh8 31. Qxh8+ Kc7 32. Qg8 Nd3 33. Bxd3 exd3 34. Qg7 Bxf2 35. Nd2 Be3 36. Qg2 Bg4+ 37. Kc1 Be2 38. Ra2 Qe5 39. Ra3 Kb8 40. Qg8+ Ka7 41. Qc8 Qg3 42. Kb2 Qd6 43. Ra1 Bxd2 44. Rg1 Qc6 45. Qh8 Qe6 46. Rg8 Bxc3+ 47. Kxc3 Qc6+ 48. Kb2 Qc2+ 49. Ka3 Qc1+ 50. Ka2 Qd2+ 51. Ka3 Qc1+ 52. Ka2 Qc4+ 53. Ka3 Qc1+ 1/2-1/2

[Event "SVK-chT2B 2324"]
[Site "Slovakia"]
[Date "2023.12.03"]
[Round "6.3"]
[White "Dolnik, Attila"]
[Black "Rakovsky, Jakub"]
[Result "1/2-1/2"]
[WhiteElo "2112"]
[BlackElo "2145"]
[PlyCount "31"]
[EventDate "2023.10.07"]
[EventType "team-tourn"]
[EventRounds "11"]
[EventCountry "SVK"]
[SourceTitle "EXT 2025"]
[Source "ChessBase"]
[SourceDate "2024.10.14"]
[SourceVersion "1"]
[SourceVersionDate "2024.10.14"]
[SourceQuality "1"]
[WhiteTeam "Batorove Kosihy"]
[BlackTeam "Tlmace"]
[WhiteTeamCountry "SVK"]
[BlackTeamCountry "SVK"]

1. e4 e5 2. Nf3 Nc6 3. Bc4 Bc5 4. c3 Nf6 5. d3 d6 6. 0-0 a5 7. Be3 Bxe3 8. fxe3 0-0 9. Nbd2 Be6 10. Bxe6 fxe6 11. d4 Qd7 12. Qe2 Rae8 13. Rad1 exd4 14. exd4 e5 15. d5 Nd8 16. Nh4 1/2-1/2

[Event "SVK-chT2B 2324"]
[Site "Slovakia"]
[Date "2023.12.02"]
[Round "5.3"]
[White "Rakovsky, Jakub"]
[Black "Foldesi, Marek"]
[Result "1-0"]
[WhiteElo "2145"]
[BlackElo "1906"]
[PlyCount "97"]
[EventDate "2023.10.07"]
[EventType "team-tourn"]
[EventRounds "11"]
[EventCountry "SVK"]
[SourceTitle "EXT 2025"]
[Source "ChessBase"]
[SourceDate "2024.10.14"]
[SourceVersion "1"]
[SourceVersionDate "2024.10.14"]
[SourceQuality "1"]
[WhiteTeam "Tlmace"]
[BlackTeam "Levice III"]
[WhiteTeamCountry "SVK"]
[BlackTeamCountry "SVK"]

1. e4 e5 2. Bc4 Nf6 3. d3 Bc5 4. Nf3 d6 5. c3 Bb6 6. 0-0 Nc6 7. a4 Be6 8. Nbd2 0-0 9. Re1 a5 10. Bb3 Qd7 11. Nf1 Bxb3 12. Qxb3 Qe6 13. Qc2 Ng4 14. Re2 f5 15. h3 fxe4 16. dxe4 Nf6 17. Ng3 h6 18. Be3 Bxe3 19. Rxe3 Ne7 20. Nh4 b6 21. Ngf5 Nxf5 22. exf5 Qc4 23. Ng6 Rf7 24. b3 Qc5 25. c4 Nd5 26. Qe4 Qd4 27. Qxd4 exd4 28. Re6 Nf6 29. Rd1 Nh7 30. Ne7+ Kh8 31. Rxd4 Nf8 32. Re3 Kh7 33. g4 g6 34. fxg6+ Nxg6 35. Nxg6 Kxg6 36. f4 Raf8 37. f5+ Kg5 38. Kg2 h5 39. Kg3 hxg4 40. hxg4 Rh8 41. Re6 Rf6 42. Rxf6 Kxf6 43. Re4 Rh1 44. Re6+ Kf7 45. Kf4 Rb1 46. Re3 c6 47. Rd3 d5 48. cxd5 cxd5 49. g5 1-0

[Event "Bratislava exe op"]
[Site "Bratislava"]
[Date "2023.09.20"]
[Round "6"]
[White "Bochnicka, Vladimir1"]
[Black "Rakovsky, Jakub"]
[Result "1-0"]
[WhiteElo "2350"]
[BlackElo "2056"]
[PlyCount "109"]
[EventDate "2023.09.15"]
[EventType "swiss"]
[EventRounds "9"]
[EventCountry "SVK"]
[SourceTitle "CBM 216 Extra"]
[Source "ChessBase"]
[SourceDate "2023.11.30"]
[SourceVersion "1"]
[SourceVersionDate "2023.11.30"]
[SourceQuality "1"]

1. c4 c5 2. Nc3 Nc6 3. g3 g6 4. Bg2 Bg7 5. e4 e5 6. Nge2 Nge7 7. 0-0 0-0 8. d3 d6 9. Be3 h6 10. Qd2 Kh7 11. f4 f5 12. Kh1 Rb8 13. fxe5 Nxe5 14. b3 a6 15. d4 cxd4 16. Nxd4 fxe4 17. Rxf8 Qxf8 18. Rf1 Nf3 19. Nxf3 exf3 20. Rxf3 Qe8 21. Bf4 Nf5 22. c5 Be5 23. cxd6 Bd7 24. Ne4 Bc6 25. d7 Qe7 26. Rd3 Rd8 27. Bxe5 Qxe5 28. Qc3 Qxc3 29. Nxc3 Rxd7 30. Rxd7+ Bxd7 31. Bxb7 a5 32. Ne4 Kg7 33. Nc5 Nd6 34. Nxd7 Nxb7 35. Kg2 Kf7 36. Ne5+ Kf6 37. Ng4+ Kg5 38. Kf3 h5 39. Ne3 h4 40. g4 Nc5 41. Nc4 Nb7 42. h3 Kf6 43. Ke3 g5 44. a4 Ke7 45. Kd4 Kf6 46. Nd2 Nd8 47. Ne4+ Kg6 48. Kd5 Kh6 49. b4 axb4 50. a5 Nf7 51. a6 Nh8 52. a7 Ng6 53. a8Q Nf4+ 54. Ke5 b3 55. Kf6 1-0

[Event "Skalica op-A"]
[Site "Skalica"]
[Date "2023.08.26"]
[Round "8"]
[White "Rakovsky, Jakub"]
[Black "Stevik, Patrik1"]
[Result "1/2-1/2"]
[WhiteElo "1970"]
[BlackElo "2214"]
[PlyCount "154"]
[EventDate "2023.08.19"]
[EventType "swiss"]
[EventRounds "9"]
[EventCountry "SVK"]
[SourceTitle "CBM 215 Extra"]
[Source "ChessBase"]
[SourceDate "2023.09.30"]
[SourceVersion "1"]
[SourceVersionDate "2023.09.30"]
[SourceQuality "1"]

1. e4 c5 2. Nf3 d6 3. c3 Nf6 4. Bd3 Nc6 5. Bc2 Bg4 6. h3 Bh5 7. d3 e5 8. Nbd2 Be7 9. Nf1 0-0 10. g4 Bg6 11. Ng3 d5 12. Qe2 dxe4 13. dxe4 Nd7 14. 0-0 Qc7 15. Nf5 Rfd8 16. a4 Nf8 17. Bb3 Ne6 18. Bxe6 fxe6 19. Nxe7+ Nxe7 20. Qc4 Kh8 21. Qxe6 Nc6 22. Qc4 Na5 23. Qe2 Bf7 24. Nd2 Rd7 25. Re1 Rad8 26. Nf1 Bc4 27. Qf3 Rf7 28. Qg2 Nb3 29. Bg5 Nxa1 30. Bxd8 Qxd8 31. Rxa1 Be2 32. Re1 Bf3 33. Qg3 Rf4 34. Nh2 Bxe4 35. f3 Bc6 36. Rxe5 Rxa4 37. Re1 Ra2 38. Qf2 h6 39. Re2 Qd1+ 40. Re1 Qb3 41. Re2 Ra1+ 42. Kg2 Qd1 43. Qe3 Qh1+ 44. Kg3 Rg1+ 45. Kh4 Rg2 46. Qe7 Rxe2 47. Qxe2 Qc1 48. Kg3 a6 49. Qf2 Qg5 50. Nf1 Qe5+ 51. Kg2 a5 52. Ne3 a4 53. Qd2 Qg5 54. Kg3 h5 55. h4 Qe5+ 56. Kg2 hxg4 57. Nxg4 Qf5 58. Nh2 Qf6 59. Kg3 Qe5+ 60. Kg2 Qf5 61. Kg3 Kh7 62. Qg5 Qxg5+ 63. hxg5 b5 64. Ng4 b4 65. cxb4 cxb4 66. Ne3 Bb5 67. Nc2 a3 68. b3 Bd3 69. Nxb4 Bb1 70. Kg4 a2 71. Nxa2 Bxa2 72. b4 Kg6 73. b5 Be6+ 74. Kf4 Kh5 75. Ke5 Bc8 76. f4 Kg4 77. b6 Bb7 1/2-1/2

[Event "Skalica op-A"]
[Site "Skalica"]
[Date "2023.08.20"]
[Round "2"]
[White "Rakovsky, Jakub"]
[Black "Kantorik, Marian"]
[Result "1/2-1/2"]
[WhiteElo "1970"]
[BlackElo "2208"]
[PlyCount "37"]
[EventDate "2023.08.19"]
[EventType "swiss"]
[EventRounds "9"]
[EventCountry "SVK"]
[SourceTitle "CBM 215 Extra"]
[Source "ChessBase"]
[SourceDate "2023.09.30"]
[SourceVersion "1"]
[SourceVersionDate "2023.09.30"]
[SourceQuality "1"]

1. e4 c5 2. Nf3 e6 3. c3 Nf6 4. e5 Nd5 5. d4 cxd4 6. cxd4 d6 7. Bc4 Be7 8. 0-0 0-0 9. Re1 Bd7 10. Bd2 Bc6 11. Nc3 Nxc3 12. Bxc3 Nd7 13. d5 exd5 14. Bxd5 Nxe5 15. Nxe5 dxe5 16. Bxc6 bxc6 17. Bxe5 Qxd1 18. Raxd1 Bb4 19. Re4 1/2-1/2